1024 1024 1847 1326 1120 1469 1295 1755 1899 1727 1605 1213 1329 1078 1513 1682 1418 1694 1348 1880 1658 1467 1684 1710 1227 1017 1738 1214 1599 1379 1353 1650 1767 1035 1363 1584 1264 1974 1273 1530 1121 1333 1778 1927 1842 1490 1366 1967 1483 1248 1917 1867 1883 1129 1525 1657 1206 1505 1538 1361 1736 1575 1991 1234 1543 1320 1314 1641 1028 1353 1428 1200 1000 1619 1136 1919 1832 1975 1034 1296 1692 1037 1804 1203 1448 1386 1567 1511 1290 1105 1110 1299 1517 1765 1483 1129 1678 1180 1845 BCNSPRNW ULIB Ver.6.0+V

เปลี่ยนเป็นภาษาไทย

Change to English
 แสดงรายละเอียดบรรณานุกรม
  กลับหน้าหลัก

Brief Record : Get Marc (ISO 2709) : E-mail record : QR code < ปิดหน้าต่าง
LEADER : 00000nam 2200000uu 4500
001    13399114560
003     ULIB
008    110627s2550||||th 000 0 tha d
020    9789749899403
090    นว.^bย731ค ล.10
100 0  โยโคมิโซะ เซซิ
245 00 คินดะอิจิยอดนักสืบ ตอนที่ 10 คฤหาสน์เขาวงกต /^cโยโคมิโซะ เซซิ
250    พิมพ์ครั้งที่ 2
260    กรุงเทพฯ :^bBLISS publishing,^c2550
300    367 หน้า
710 1  BLISS publishing
945    ^p265^l0^i022064
995    ทศพร
999 ^a ใช้งานได้ทุกระบบ
รายการนี้ยังไม่มีแท็ก
คุณยังไม่ได้ล็อกอิน คุณสามารถมีกิจกรรมร่วมกับเว็บไซต์ได้ แต่ต้องล็อกอินก่อน ::
  ล็อกอิน

รายการสื่อสารสนเทศ

ลำดับที่ ประเภท เลขเรียก/บาร์โค้ด สถานที่ สถานะ
1. นวนิยาย
นวนิยาย
นว. ย731ค ล.10 ฉ.1 
  Barcode: 022064
ห้องสมุดวิทยาเขตสวรรค์ประชารักษ์
►นวนิยาย
บนชั้น
  ขอยืม

รายการใกล้เคียง
    ผู้แต่ง [โยโคมิโซะ เซซิ]

BibComment


ยังไม่เคยถูกคอมเมนท์

คอมเมนท์ทรัพยากรรายการนี้
  คอมเมนท์: คินดะอิจิยอดนักสื..


 Copyright 2026. Bcnsprnw @Library